00454nam a22001457a 4500020001500000040000900015082001600024100002800040245003200068260004100100650003200141942001200173999001900185952010400204 a0333608895 cNUST a808.84bKIT aPeter J. Kitson9125601 aColeridge Keats and Shelley aLondon:bMacmillan Press LTD,c1996. 2Coleridge Keats and Shelley 2ddccBK c611333d611333 00102ddc4070aCEMEbCEMEcGENd2024-09-02l0o808.84 KITpCEME-36957r2024-09-02w2024-09-02yBK